<?xml version="1.0" encoding="UTF-8"?>
<record
    xmlns:xsi="http://www.w3.org/2001/XMLSchema-instance"
    xsi:schemaLocation="http://www.loc.gov/MARC21/slim http://www.loc.gov/standards/marcxml/schema/MARC21slim.xsd"
    xmlns="http://www.loc.gov/MARC21/slim">

  <leader>03154nam a2200541Ia 4500</leader>
  <controlfield tag="001">6642</controlfield>
  <controlfield tag="008">241029s9999    xx            000 0 und d</controlfield>
  <datafield tag="010" ind1=" " ind2=" ">
    <subfield code="a">6264</subfield>
  </datafield>
  <datafield tag="041" ind1=" " ind2=" ">
    <subfield code="a">Espa&#xF1;ol</subfield>
  </datafield>
  <datafield tag="082" ind1=" " ind2=" ">
    <subfield code="a">TAE - 2017</subfield>
  </datafield>
  <datafield tag="245" ind1=" " ind2="0">
    <subfield code="a">La utilizaci&#xF3;n docente de medios tecnol&#xF3;gicos en educaci&#xF3;n secundaria del Instituto Polit&#xE9;cnico Teresa Digna Feliz de Estrada 2016-2017.</subfield>
  </datafield>
  <datafield tag="260" ind1=" " ind2=" ">
    <subfield code="a">Santo Domingo</subfield>
  </datafield>
  <datafield tag="300" ind1=" " ind2=" ">
    <subfield code="a">50</subfield>
  </datafield>
  <datafield tag="520" ind1=" " ind2=" ">
    <subfield code="a">67</subfield>
  </datafield>
  <datafield tag="630" ind1=" " ind2=" ">
    <subfield code="a">Medios Tecnol&#xF3;gicos</subfield>
  </datafield>
  <datafield tag="630" ind1=" " ind2=" ">
    <subfield code="a">Tecnolog&#xED;a de la Informaci&#xF3;n y Comunicaci&#xF3;n (TICs)</subfield>
  </datafield>
  <datafield tag="630" ind1=" " ind2=" ">
    <subfield code="a">Tecnolog&#xED;a Educativa</subfield>
  </datafield>
  <datafield tag="650" ind1=" " ind2=" ">
    <subfield code="a">Tecnolog&#xED;a de la Informaci&#xF3;n y de la Comunicaci&#xF3;n (TICs)</subfield>
  </datafield>
  <datafield tag="690" ind1=" " ind2=" ">
    <subfield code="a">Copiado sin cambios</subfield>
  </datafield>
  <datafield tag="700" ind1=" " ind2=" ">
    <subfield code="e">asesor</subfield>
    <subfield code="a">Ma&#xED;z Olazabalaga, Inmaculada</subfield>
  </datafield>
  <datafield tag="700" ind1=" " ind2=" ">
    <subfield code="e">autor</subfield>
    <subfield code="a">Beco Mercedes, Luc&#xED;a</subfield>
  </datafield>
  <datafield tag="901" ind1=" " ind2=" ">
    <subfield code="a">{"1":"Beco Mercedes"}</subfield>
    <subfield code="b">{"1":"Luc&#xED;a"}</subfield>
  </datafield>
  <datafield tag="902" ind1=" " ind2=" ">
    <subfield code="a">1</subfield>
  </datafield>
  <datafield tag="903" ind1=" " ind2=" ">
    <subfield code="a">{"1":"Ma&#xED;z Olazabalaga"}</subfield>
    <subfield code="b">{"1":"Inmaculada"}</subfield>
  </datafield>
  <datafield tag="904" ind1=" " ind2=" ">
    <subfield code="a">M&#xE1;ster universitario oficial en</subfield>
  </datafield>
  <datafield tag="905" ind1=" " ind2=" ">
    <subfield code="a">Tecnolog&#xED;a aprendizaje y educaci&#xF3;n</subfield>
  </datafield>
  <datafield tag="906" ind1=" " ind2=" ">
    <subfield code="a">2</subfield>
  </datafield>
  <datafield tag="907" ind1=" " ind2=" ">
    <subfield code="a">NO APLICA</subfield>
  </datafield>
  <datafield tag="908" ind1=" " ind2=" ">
    <subfield code="a">NO APLICA</subfield>
  </datafield>
  <datafield tag="909" ind1=" " ind2=" ">
    <subfield code="a">Instituto Global de Altos Estudios en Ciencias Sociales (IGLOBAL)</subfield>
  </datafield>
  <datafield tag="910" ind1=" " ind2=" ">
    <subfield code="a">NULL</subfield>
    <subfield code="b">NULL</subfield>
  </datafield>
  <datafield tag="911" ind1=" " ind2=" ">
    <subfield code="a">["1"]</subfield>
  </datafield>
  <datafield tag="912" ind1=" " ind2=" ">
    <subfield code="a">Universidad del Pa&#xED;s Vasco/ Euskal Herriko Unibertsitatea (UPV/EHU) </subfield>
  </datafield>
  <datafield tag="913" ind1=" " ind2=" ">
    <subfield code="a">NULL</subfield>
  </datafield>
  <datafield tag="914" ind1=" " ind2=" ">
    <subfield code="a">01 de Enero de 2017</subfield>
  </datafield>
  <datafield tag="915" ind1=" " ind2=" ">
    <subfield code="a">06/11/19 09:11</subfield>
  </datafield>
  <datafield tag="916" ind1=" " ind2=" ">
    <subfield code="a">NULL</subfield>
  </datafield>
  <datafield tag="917" ind1=" " ind2=" ">
    <subfield code="a">NULL</subfield>
  </datafield>
  <datafield tag="918" ind1=" " ind2=" ">
    <subfield code="a">NO APLICA</subfield>
  </datafield>
  <datafield tag="919" ind1=" " ind2=" ">
    <subfield code="a">["297","296","191"]</subfield>
  </datafield>
  <datafield tag="520" ind1=" " ind2=" ">
    <subfield code="a">Este estudio tuvo como prop&#xF3;sito fundamental, analizar la utilizaci&#xF3;n docente de medios tecnol&#xF3;gicos en Educaci&#xF3;n Secundaria del Instituto Polit&#xE9;cnico Teresa Digna Feliz de Estrada, determinar en qu&#xE9; &#xE1;rea, asignaturas o medios del conocimiento tiene mayor implementaci&#xF3;n, el uso de los medios tecnol&#xF3;gicos e identificar los medios tecnol&#xF3;gicos existentes en el centro para el acceso de los docentes durante el proceso educativo. Para ello, parte de tres supuestos, que los docentes aplican e implementan los medios tecnol&#xF3;gicos para las TIC en su labor educativa, los docentes tienen dominio en el uso de las herramientas tecnol&#xF3;gicas y que en su labor, el docente utiliza las TIC como herramienta de apoyo.&#xA0;Es un estudio con un enfoque cuantitativo con un cuestionario como instrumento, bajo un enfoque descriptivo y documental. La poblaci&#xF3;n y muestra est&#xE1; formada por 32 docentes de diferentes &#xE1;reas.Se determin&#xF3; que las herramientas tecnol&#xF3;gicas tienen usos muy variados, desde una utilizaci&#xF3;n &#xF3;ptima de las mismas, hasta poco aceptable en algunas de ella, una debilidad de conexi&#xF3;n con Internet v&#xED;a Wifi o banda ancha, lo que dificulta la utilizaci&#xF3;n de las herramientas tecnol&#xF3;gicas. Un aspecto positivo es que los docentes est&#xE1;n motivados y utilizan los medios tecnol&#xF3;gicos para buscar informaci&#xF3;n, para aplicar teor&#xED;a, hacer ejercicios y hacer pruebas de evaluaci&#xF3;n a los estudiantes. Adem&#xE1;s, un limitad manejo en las asignaturas y muy bajo equipamiento para uso docente y alumnos.</subfield>
  </datafield>
  <datafield tag="921" ind1=" " ind2=" ">
    <subfield code="a">63</subfield>
  </datafield>
  <datafield tag="922" ind1=" " ind2=" ">
    <subfield code="a">63</subfield>
  </datafield>
  <datafield tag="923" ind1=" " ind2=" ">
    <subfield code="a">1</subfield>
  </datafield>
  <datafield tag="924" ind1=" " ind2=" ">
    <subfield code="a">20191101143330</subfield>
  </datafield>
  <datafield tag="942" ind1=" " ind2=" ">
    <subfield code="c">Tesis</subfield>
  </datafield>
  <datafield tag="999" ind1=" " ind2=" ">
    <subfield code="c">6264</subfield>
    <subfield code="d">6264</subfield>
  </datafield>
</record>
